00433nam a2200157Ia 45000010006000000050017000060080041000230410008000640820017000721000054000892450079001432600009002223000028002316500008002596540008002671323820260306163039.0260306t2017||||xx |||||||||||||| ||spa|| aESP a001.42bF39F aFernández Flecha, María de los ÁngeleseAUT 0aCómo iniciarse en la investigación académica:buna guía práctica c2017 a199 páginas :c20 cm. aGEN aCHU